000 00298 a2200145 4500
001 160681
020 _a85-15-00136-5
040 _cMagnum
240 1 0 _aA bela adormecida
_lpor
245 1 0 _aA bela adormecida
300 _a16
440 1 _aLoyola
697 _aLITERATURA INFANTO
942 _cBK
999 _c160681
_d160681